Le Soudan pour les touristes... - Facile - Statistiques

Statistiques générales
  • Ce quiz a été pris 6 fois
  • Le résultat moyen est 8 sur 20
Statistiques - réponses
Question Indice Réponses Indice facile % Correct
Quelles sont les langues officielles ? Anglais A
83%
Quelles sont les langues officielles ? Arabe
83%
Dans la capitale quel est le décalage horaire avec Paris ? (+ ou - et chiffre) ex - 10 0
67%
La religion majoritaire est Islam I
67%
Ce pays est plus grand que la France (oui/non) Oui
67%
Le suffixe internet est sd
67%
Quelles sont les principaux lieux touristiques ? M {Musée} national du Soudan USMEE
50%
Quels est le climat local ? T Tropical
50%
Le principal aéroport est K Khartoum
33%
Achats à faire 2/ A mettre sur le visage Masque QUASME
33%
Quel est le régime du pays ? République R
33%
Quels pays ont accordé son indépendance à celui-ci ? Royaume-Uni
33%
Quelles sont les principaux lieux touristiques ? N Ruines de {Naqa} NAAQ
33%
Quels pays ont accordé son indépendance à celui-ci ? Egypte
17%
Achats à faire 1/ Mini-pyramide de Méroé EROME
17%
Quelles sont les principaux lieux touristiques ? P {Pyramides} de Méroé MDPSIEAYR
17%
Code sur les plaques minéralogiques SUD
17%
Quelle est la monnaie ? Livre soudanaise £
0%
S Parc national de {Sanganeb} NSAEGNAB
0%
Quelles sont les principaux lieux touristiques ? G B Ruines de {Gebel Barkal} BEAGLBERAK
0%
Aucun quiz correspondant
Distribution des résultats
% des personnes avec chaque résultat
Percentile par nombre de réponses
Votre historique - résultats
Vous n’avez pas pris ce quiz